La población negra en México : estudio etnohistórico /
Wedi'i Gadw mewn:
| Prif Awdur: | |
|---|---|
| Fformat: | Anhysbys |
| Iaith: | Spanish |
| Cyhoeddwyd: |
México, D.F. :
Fondo de Cultura Económica,
c1972.
|
| Rhifyn: | 2. edición |
| Cyfres: | (Colección Tierra Firme)
|
| Pynciau: | |
| Tagiau: |
Ychwanegu Tag
Dim Tagiau, Byddwch y cyntaf i dagio'r cofnod hwn!
|
MARC
| LEADER | 000000000a22000000004500 | ||
|---|---|---|---|
| 001 | 003246 | ||
| 041 | 0 | |a spa | |
| 082 | 0 | 4 | |a 325.26 |b A284p2 |
| 100 | 1 | |a Aguirre Beltrán, Gonzalo | |
| 245 | 1 | 3 | |a La población negra en México : |b estudio etnohistórico / |c Gonzalo Aguirre Beltrán. |
| 250 | |a 2. edición | ||
| 260 | 1 | |a México, D.F. : |b Fondo de Cultura Económica, |c c1972. | |
| 300 | |a 374 páginas : |b mapas | ||
| 490 | 1 | |a (Colección Tierra Firme) | |
| 650 | 4 | |a NEGROS EN MEXICO | |
| 650 | 4 | |a ESCLAVITUD EN MEXICO | |
| 999 | |c 9518 |d 9518 | ||
| 942 | |c BK |h 325.26 A284p2 |2 z | ||
